000 00332 a2200169 4500
001 172614
020 _a85-08-01541-0
040 _cMagnum
100 _aFrança, Mary
240 1 0 _aO tucano
_lpor
245 1 0 _aO tucano
300 _a16
362 0 _a1993
440 1 _aÁtica
697 _aLITERATURA INFANTIL
942 _cBK
999 _c172614
_d172614